00446nam a2200157Ia 4500008004100000020001500041082001500056100001900071245003100090250000800121260004100129300002800170500001900198600002100217650005000238240925s9999 xx 000 0 und d a8120315634 a005.73 DWI aDwight, Jeffry 0aUsing CGI: special edition a2nd aNew Delhi:bThomson Learningc,1997. axxvi,788p.bNAfPirated aIncludes Index aComputer Science aComputer science, information & general works